00448 2200157 4500001002100000008004100021035002000062245006200082100002200144260003300166300002900199084001600228082001000244650002400254990001200278INLIS000000000000873 Ind  a0010-1024000004 aResearch Teori Metodologi AdministrasicTaliziduhu Ndraha aTaliziduhu Ndraha aJakarta :bBina Aksarac1981 aXVI, 210 Halamanc21 cm. a001.4 TAL r a001.4 aPENELITIAN - METODE a0001267